000 00329pab a2200145 454500
008 180718b1985 xxu||||| |||| 00| 0 eng d
100 _aSabherwal, O.P.
245 _aWinds of change in Punjab
260 _c1985
300 _a4,32
362 _a6 July
650 _aPunjab - Politics
773 _aMainstream
909 _a16837
999 _c16837
_d16837